Biztositás [!Biztosítás] árfolyam-veszteségek ellen
Elmentve itt :
| Dokumentumtípus: | Cikk |
|---|---|
| Megjelent: |
1893
|
| Sorozat: | A kereskedelmi jog és ismeretek tára : havi folyóirat
3 No. 35 |
| Kulcsszavak: | Közgazdaságtudomány, Jogtudomány |
| Online Access: | http://misc.bibl.u-szeged.hu/2589 |
| LEADER | 00587nab a2200157 i 4500 | ||
|---|---|---|---|
| 001 | misc2589 | ||
| 005 | 20191106144337.0 | ||
| 008 | 170607s1893 hu o 0|| hun d | ||
| 040 | |a SZTE Miscellanea Repozitórium |b hun | ||
| 041 | |a hun | ||
| 245 | 0 | 0 | |a Biztositás [!Biztosítás] árfolyam-veszteségek ellen |h [elektronikus dokumentum] |
| 260 | |c 1893 | ||
| 300 | |a 23-25 | ||
| 490 | 0 | |a A kereskedelmi jog és ismeretek tára : havi folyóirat |v 3 No. 35 | |
| 695 | |a Közgazdaságtudomány, Jogtudomány | ||
| 856 | 4 | 0 | |u http://misc.bibl.u-szeged.hu/2589/1/kereskedelmi_003_035_023-025.pdf |z Dokumentum-elérés |